The complete book of car repair and maintenance

Bibliographic Details
Format: Book
Published: London : Marshall Cavendish Ltd. , 1993
Subjects:

MARC

LEADER 00000cam a2200000 7i4500
001 0000002555
002 000002781
005 20020423.0
020 |a 1854355406 
090 0 0 |a 629.287   |b COM 
245 0 4 |a The complete book of car repair and maintenance 
260 |a London :   |b Marshall Cavendish Ltd. ,   |c 1993 
300 |a 512p. :   |b ill ;   |c 28cm. 
650 0 0 |a Automobiles   |x Motors   |x Maintenance and repair 
999 |a 036240   |b BUKU   |c RUJUKAN   |e PERPUSTAKAAN KOMUNITI PETALING JAYA